000 00953nmm a2200289 a 4500
001 ocm000608258
003 TR-IsHL
005 20201028132330.0
008 131030s2006 tu tur
007 cr cn
020 _a9789944411240
035 _a608258
_b(N$T)
050 0 4 _aBF637.S4
_bS46 2006
090 0 4 _aBF637.S4
_bS46 2006
100 1 _aŞenyürek, Bülent
245 1 0 _aHayatının mutluluk profesörü ol
_h[electronic resource] /
_cBülent Şenyürek
260 _aİstanbul :
_bAkis Kitap,
_c2006
300 _a160 p.
650 4 _aFelsefe, Psikoloji ve Din
650 4 _aPhilosophy, Psychology and Religion
650 0 _aKendini gerçekleştirme (Psikoloji)
650 0 _aSelf-actualization (Psychology)
650 0 _aMutluluk
650 0 _aHappiness
650 7 _aSELF-HELP / Personal Growth / Happiness
_2bisacsh
856 4 0 _uhttp://search.ebscohost.com/login.aspx?direct=true&scope=site&db=e011xww&AN=608258
999 _c5036
_d5036